Österreichische Bundesliga - Sieger - Statistiken

Allgemein
  • Dieses Quiz wurde 325 mal gespielt
  • Das Durchschnittsergebnis liegt bei 40 aus 110
Antwortstatistiken
Saison Mannschaft % Korrekt
1994 | 1995 | 1997 | +13 others Red Bull Salzburg
86%
1923 Rapid Wien
85%
1924 | 1926 Austria Wien
83%
1998 | 1999 | 2011 SK Sturm Graz
47%
1912 | 1913 | 1916 | +28 others SK Rapid Wien
36%
1949 | 1950 | 1953 | +19 others FK Austria Wien
30%
2004 Grazer AK
30%
1965 LASK Linz
24%
1971 | 1972 | 1973 | +7 others FC Wacker Innsbruck
20%
1931 | 1933 | 1942 | +3 others First Vienna FC
13%
1922 | 1958 | 1959 Wiener Sport-Club
13%
1927 | 1928 | 1932 | +5 others FC Admira Wacker
8%
1918 Floridsdorfer AC
7%
1947 Wacker Wien
5%
1925 Hakoah Wien
4%
1915 Wiener AC
4%
1974 FC Blau Weiß Linz
3%
1914 Wiener AF
1%
Keine übereinstimmenden Quizze gefunden
Verteilung der Resultate
Anzahl Personen mit jedem Resultat
Perzentil nach korrekt beantworteten Fragen
Ihre Resultats-Entwicklung
Sie haben dieses Quiz noch nicht gespielt